000 00471nam a22001457a 4500
008 160429b xxu||||| |||| 00| 0 eng d
050 _aBX1047.G643
100 _aGonzalez, Gunsalus Catherine
_924265
245 _aLeo and Gregory
_b: shapers of the church
_c/Catherine Gunsalus Gonzalez
260 _aNashville
_bGraded Press
_c1988
300 _a65p.;
_c21cm.
650 _aLeo the great, St.
_924266
650 _aGregory the great, St.
_924267
942 _2lcc
_cMONOGRAPH
999 _c124771
_d124771